Prístupy k ekonomickému hodnoteniu životného prostredia a možnosti ich uplatnenia v podmienkach transformujúcej sa ekonomiky Slovenskej republiky

Salvato in:
Dettagli Bibliografici
Autore principale: Kluvánková-Oravská, Tatiana
Natura: Libro
Lingua:slovacco
inglese
Pubblicazione: Bratislava Prognostický ústav SAV 1999
Serie:Štúdia č. 1
Soggetti:
Tags: Aggiungi Tag
Nessun Tag, puoi essere il primo ad aggiungerne!!

MARC

LEADER 00000nam a2200000 4500
001 c117548
005 20221124121301.0
022 |a 0862-9153 
041 0 |a slo 
041 0 |a eng 
044 |a SK 
245 1 0 |a Prístupy k ekonomickému hodnoteniu životného prostredia a možnosti ich uplatnenia v podmienkach transformujúcej sa ekonomiky Slovenskej republiky  |c Tatiana Kluvánková-Oravská 
264 1 |a Bratislava  |b Prognostický ústav SAV  |c 1999 
300 |a 93 s. 
490 1 |a Štúdia  |v č. 1 
830 0 |a Štúdia  |v č. 1 
610 2 0 |a prostredie životné 
610 2 0 |a transformácia 
610 2 0 |a politika environmentálna 
610 2 0 |a regióny 
610 2 0 |a regióny horské 
610 2 0 |a štúdie prípadové 
610 2 0 |a Slovensko 
610 2 0 |a Malá Fatra 
100 1 |a Kluvánková-Oravská, Tatiana